Le Portugal pour les touristes... - Statistiques

Statistiques générales
  • Ce quiz a été pris 171 fois
  • Le résultat moyen est 13 sur 20
Statistiques - réponses
Question Indice Réponses % Correct
Quelle sont les langues officielles ? Portugais
99%
Quelles sont les principales villes touristiques ? L Lisbonne
95%
Quelles sont les principales villes touristiques ? P Porto
94%
Quelle est la monnaie ? Euro
92%
Quelles autres langues sont répandues ? F Français
92%
La conduite se fait à droite ou à gauche ? Droite
91%
Quelles autres langues sont répandues ? A Anglais
90%
Dans la capitale y-a-t-il un décalage horaire avec Paris ? (oui/non) Oui
90%
La vitesse sur autoroute est limitée à {120} km/h
81%
Le taux d'alcoolémie toléré au volant est de {0.5} g/l
63%
Le suffixe internet est pt
62%
Achats à faire 3/ Boisson alcoolisée Vin
58%
Quelles sont les principales villes touristiques ? C Coimbra
46%
Achats à faire 1/ Carreaux Azulejos
44%
La religion majoritaire est C catholicisme
44%
Achats à faire 2/ Objets légers en... Liège
40%
Quelles sont les principales villes touristiques ? M Madère
38%
Quelles sont les principales villes touristiques ? S Sintra
20%
Quelle sont les langues officielles ? Mirandais
17%
Quels parc national peut-on visiter ? A Arrabida
4%
Aucun quiz correspondant
Distribution des résultats
% des personnes avec chaque résultat
Percentile par nombre de réponses
Votre historique - résultats
Vous n’avez pas pris ce quiz